Antología de literatura: para 3er año de educación media

Spremljeno u:
Bibliografski detalji
Glavni autor: Valenzuela Soto, Florencio (Autor)
Format: Knjiga
Jezik:španjolski
Izdano: Valparaíso s.n 1900
Teme:
Oznake: Dodaj oznaku
Bez oznaka, Budi prvi tko označuje ovaj zapis!

MARC

LEADER 00000nam a2200000 a 4500
001 UCT7668
003 CL-VaPUC
005 20220514074101.0
008 970123e19000000cl |||||||||||||||||spa|d
999 |c 256221  |d 256219 
040 |c Pontificia Universidad Católica de Valparaíso 
082 0 4 |a 860.9  |b VAL  |2 21 
100 0 |a Valenzuela Soto, Florencio  |e author  |9 378693 
245 1 0 |a Antología de literatura: para 3er año de educación media 
260 |a Valparaíso  |b s.n  |c 1900 
300 |a 443 p 
583 |a last modification  |c 20171228 04:25:42  |k Rodrigo Vera 
600 0 |a Cervantes y Saavedra, Miguel de  |9 267947 
600 0 7 |a CALDERON DE LA BARCA, PEDRO  |2 CL-VaPUC  |9 316207 
600 0 7 |a GONGORA Y ARGOTE, LUIS DE  |2 CL-VaPUC  |9 267951 
600 0 7 |a BERCEO, GONZALO DE  |2 CL-VaPUC  |9 308429 
600 0 7 |a RUIZ, JUAN  |2 CL-VaPUC  |9 321708 
600 0 |a Manrique, Jorge,  |d 1440-1479  |9 862294 
600 0 |a VEGA, GARCILASO DE LA  |9 508868 
650 0 |a Literatura española  |9 306261 
650 7 |a NOVELA ESPAÑOLA  |2 CL-VaPUC  |9 313139 
650 0 |a Poesía española  |9 264938 
650 0 |a Teatro español  |9 265077 
650 0 |a Crítica literaria   |9 269189 
650 0 |a Crítica e interpretación   |9 255042 
942 |c BK  |2 ddc 
945 |d 19970123 00:00:00  |a rleighto 
952 |0 0  |1 0  |4 0  |6 860_900000000000000_VAL_1900  |7 0  |8 A  |9 278827  |a BIBEDU  |b BIBEDU  |d 2019-11-19  |i 3271153  |o 860.9 VAL 1900  |p 3271153  |r 2019-11-19  |w 2019-11-19  |y BK  |k LIT